Islands of Canada - Statistics

General Stats
  • This quiz has been taken 183 times
  • The average score is 21 of 77
Answers on the Map
Answers color-coded by a green-red scale on the quiz's map according to % correct below.
 
Answer Stats
Island % Correct
Baffin
98%
Newfoundland
95%
Ellesmere
90%
Prince Edward
88%
Vancouver
88%
Victoria
88%
Banks
81%
Devon
71%
Axel Heiberg
67%
Cape Breton
62%
Anticosti
60%
Mackenzie King
57%
Southampton
55%
Somerset
52%
Prince of Wales
50%
Cornwall
48%
Melville
45%
Prince Charles
45%
Prince Patrick
45%
Cornwallis
43%
Bathurst
40%
King William
40%
Ellef Ringnes
38%
Graham
36%
Graham
36%
Bylot
33%
Amund Ringnes
26%
Borden
26%
Coats
26%
Moresby
26%
Mansel
21%
Stefansson
19%
Air Force
17%
Akimiski
17%
Nottingham
17%
Alexander
14%
Eglinton
14%
Flaherty
14%
Little Cornwallis
14%
Brock
12%
Byam Martin
12%
Cameron
12%
Emerald
12%
King Christian
12%
Princess Royal
12%
Salisbury
12%
Wales
12%
White
12%
Baillie Hamilton
10%
Foley
10%
Lougheed
10%
Meighen
10%
North Kent
10%
Porcher
10%
Rowley
10%
Akpatok
7%
Aristazabal
7%
Big
7%
Bray
7%
Charlton
7%
Ile Vanier
7%
Koch
7%
Melbourne
7%
Pitt
7%
Prescott
7%
Resolution
7%
Royal Geographical Society
7%
Russell
7%
Vansittart
7%
Calvert
5%
Coburg
5%
Hunter
5%
Jenny Lind
5%
Jens Munk
5%
Loks
5%
Matty
5%
Tennent
5%
No matching quizzes found
Score Distribution
Percent of People with Each Score
Percentile by Number Answered
Your Score History
You have not taken this quiz